Movies Quiz

Random Movies or Translation Quiz

Movies by Foreign Poster Quiz Stats

 Plays Quiz Updated Jul 14, 2016

Also try: Movie Posters
Challenge
Share
Tweet
Score 0/15 Timer 04:00
4 Plays Today
poster name % Correct
Raiders of the Lost Ark (Ghana)
92.9%
The Muppet Movie (Poland)
80.9%
Planet of the Apes (Poland)
56%
Star Wars (Russia)
46.2%
Cujo (Ghana)
45.9%
One Flew Over the Cuckoo's Nest (Turkey)
42.9%
Alien 3 (Poland)
21.5%
Army of Darkness (Japan)
18.8%
poster name % Correct
Spaceballs (Poland)
17.5%
An American Werewolf in London (Japan)
13.9%
Deliverance (Yugoslavia)
12.8%
Ghostbusters (Czechia)
5.3%
Close Encounters of the Third Kind (Poland)
4.5%
Big (Czechia)
4.3%
Easy Rider (Czechia)
2.1%

You're not logged in!

Compare scores with friends on all Sporcle quizzes.
OR
Log In

You Might Also Like...

Show Comments

Extras

Top Quizzes Today


Score Distribution

Your Account Isn't Verified!

In order to create a playlist on Sporcle, you need to verify the email address you used during registration. Go to your Sporcle Settings to finish the process.

Report this User

Report this user for behavior that violates our Community Guidelines.

Details: